书目信息 |
| 题名: |
粘塑性本构理论及其应用
|
|
| 作者: | 杨晓光 , 石多奇 编著 | |
| 分册: | ||
| 出版信息: | 北京 国防工业出版社 2013.06 |
|
| 页数: | 191页 | |
| 开本: | 24cm | |
| 丛书名: | ||
| 单 册: | ||
| 中图分类: | O345 | |
| 科图分类: | ||
| 主题词: | 粘塑性--研究 , 粘塑性 | |
| 电子资源: | ||
| ISBN: | 978-7-118-07626-4 | |
| 000 | 01010nam0 2200289 450 | |
| 001 | 012013093189 | |
| 005 | 20140611152832.23 | |
| 010 | @a978-7-118-07626-4@dCNY58.00 | |
| 100 | @a20130812d2013 em y0chiy0110 ea | |
| 101 | 0 | @achi |
| 102 | @aCN@b110000 | |
| 105 | @aak z 000yy | |
| 106 | @ar | |
| 200 | 1 | @a粘塑性本构理论及其应用@9nian su xing ben gou li lun ji qi ying yong@dViscoplastic constitutive theory and application@f杨晓光,石多奇编著@zeng |
| 210 | @a北京@c国防工业出版社@d2013.06 | |
| 215 | @a191页@c图@d24cm | |
| 300 | @a国防科技图书出版基金 | |
| 330 | @a本书全面阐述了粘塑性统一本构理论。全书共分10章,内容包括:绪论;理论框架;主要模型及工程计算方法等。 | |
| 333 | @a粘塑性研究相关人员 | |
| 510 | 1 | @aViscoplastic constitutive theory and application@zeng |
| 606 | 0 | @a粘塑性@x研究 |
| 606 | 0 | @a粘塑性 |
| 690 | @aO345@v5 | |
| 701 | 0 | @a杨晓光@9yang xiao guang@4编著 |
| 701 | 0 | @a石多奇@9shi duo qi@4编著 |
| 801 | 0 | @aCN@b人天书店@c20130812 |
| 905 | @b549009-11@dO345@e33@f3 | |
| 粘塑性本构理论及其应用=Viscoplastic constitutive theory and application/杨晓光,石多奇编著.-北京:国防工业出版社,2013.06 |
| 191页:图;24cm |
| 国防科技图书出版基金.-使用对象:粘塑性研究相关人员 |
| ISBN 978-7-118-07626-4:CNY58.00 |
| 本书全面阐述了粘塑性统一本构理论。全书共分10章,内容包括:绪论;理论框架;主要模型及工程计算方法等。 |
| ● |
| 相关链接 |
|
|
|
|
正题名:粘塑性本构理论及其应用
索取号:O345/33
 
预约/预借
| 序号 | 登录号 | 条形码 | 馆藏地/架位号 | 状态 | 备注 |
| 1 | 549009 | 205490093 | 第二样本阅览室/ [索取号:O345/33] | 在馆 | |
| 2 | 549010 | 205490100 | 第三借阅区/ [索取号:O345/33] | 在馆 | |
| 3 | 549011 | 205490119 | 密集书库-化学系/ [索取号:O345/33] | 在馆 |